Normal view
MARC view
- Roads
Entry Topical Term
001 - CONTROL NUMBER
- control field: 20137
003 - CONTROL NUMBER IDENTIFIER
- control field: NUST
005 - DATE AND TIME OF LATEST TRANSACTION
- control field: 20190911050559.0
008 - FIXED-LENGTH DATA ELEMENTS
- fixed length control field: 190911|| aca||aabn | a|a d
040 ## - CATALOGING SOURCE
- Original cataloging agency: NUST
- Transcribing agency: NUST
150 ## - HEADING--TOPICAL TERM
- Topical term or geographic name entry element: Roads
- Geographic subdivision: Australia
- Form subdivision: Periodicals.
670 ## - SOURCE DATA FOUND
- Source citation: Work cat.: (NUST)0: Quentin Farmar-Bowers 20136, Australian road research., 1994
